000 00515nam a2200181Ia 4500
008 090124s9999 xx 000 0 und d
082 _b37057
100 _aखेडकर सुशिला
245 _a शापिता
250 _a1
260 _bऔदुंबर प्रकाशन
_c2000
300 _a217
600 _aखेडकर सुशिला
630 _a शापिता
700 _aखेडकर सुशिला
730 _a शापिता
942 _cBOOK
999 _c103073
_d103073